000 01265nam a2200313 a 4500
001 ebr10014887
003 CaPaEBR
006 m u
007 cr cn|||||||||
008 981029s1999 enk sb 001 0 eng
010 _z 98043621
020 _z0521622328 (hb)
040 _aCaPaEBR
_cCaPaEBR
035 _a(OCoLC)51029174
050 1 4 _aKD7228
_b.P65 1999eb
082 0 4 _a347.41/02
_221
100 1 _aPolden, Patrick.
245 1 2 _aA history of the county court, 1846-1971
_h[electronic resource] /
_cPatrick Polden.
260 _aCambridge, UK ;
_aNew York :
_bCambridge University Press,
_c1999.
300 _axxii, 403 p.
490 1 _aCambridge studies in English legal history
504 _aIncludes bibliographical references (p. 359-387) and index.
533 _aElectronic reproduction.
_bPalo Alto, Calif. :
_cebrary,
_d2013.
_nAvailable via World Wide Web.
_nAccess may be limited to ebrary affiliated libraries.
650 0 _aCounty courts
_zGreat Britain
_xHistory.
655 7 _aElectronic books.
_2local
710 2 _aebrary, Inc.
830 0 _aCambridge studies in English legal history.
856 4 0 _uhttp://site.ebrary.com/lib/rucke/Doc?id=10014887
_zAn electronic book accessible through the World Wide Web; click to view
999 _c11188
_d11188